Текст томруулах:    
Catawba Indian pottery (Бичлэгийн дугаар. 145088)
000 -УДИРДЛАГА
Удирдлага 02357nam a22003977a 4500
003 - ХЯНАЛТЫН ТОО ТОДОРХОЙЛОГЧ
Код MN-UlNUM
005 - БИЧИЛТ ХИЙСЭН ОГНОО
Тухайн бичилтийг бичсэн засварласан сүүлийн огноо 20251029110751.0
008 - ЕРӨНХИЙ МЭДЭЭЛЭЛ
Ерөнхий мэдээлэл 251029s2004 alua b s001 0 eng
020 ## - ISBN
ISBN 0817313834
-- 0817350616
040 ## - БИЧЛЭГ ҮҮСГЭГЧ БАЙГУУЛЛАГА
Бичлэг үүсгэгч номын сангийн код МУИС-ийн номын сан
084 ## - ББК АНГИЛАЛ
Нэмэлт тусгалт Нэг сэдэвт бүтээл
ББК ангилал 85.125
Зохиогчийн гурван тэмдэгт B 68
Мэдлэгийн ялгаа 85 - Урлаг
100 ## - ЗОХИОГЧ
Зохиогчийн нэр Blumer, Thomas J
245 ## - ҮНДСЭН ГАРЧИГ
Номын нэр Catawba Indian pottery
Бага гарчгийн мэдээ the survival of a folk tradition
300 ## - МАТЕРИАЛЫН ТОДОРХОЙЛОЛТ
хуудасны тоо xxi, 223 p. :
Бусад тоон мэдээлэл ill. ;
Хэмжээ 25 cm
500 ## - Тайлбар
Дансны дугаар БС 3260
505 ## - Агуулгын тэмдэглэгээ
Агуулгын тэмдэглэгээ Traces the craft of pottery making among the Catawba Indians of North Carolina from the late 18th century to the present
When Europeans encountered them, the Catawba Indians were living along the river and throughout the valley that carries their name near the present North Carolina-South Carolina border. Archaeologists later collected and identified categories of pottery types belonging to the historic Catawba and extrapolated an association with their protohistoric and prehistoric predecessors.
In this volume, Thomas Blumer traces the construction techniques of those documented ceramics to the lineage of their probable present-day master potters or, in other words, he traces the Catawba pottery traditions. By mining data from archives and the oral traditions of contemporary potters, Blumer reconstructs sales circuits regularly traveled by Catawba peddlers and thereby illuminates unresolved questions regarding trade routes in the protohistoric period. In addition, the author details particular techniques of the representative potters—factors such as clay selection, tool use, decoration, and firing techniques—which influence their styles.
546 ## - ХЭЛНИЙ ТУХАЙ МЭДЭЭ
Хэл Англи хэл дээр,
653 ## - Түлхүүр үг
Түлхүүр үг catawba pottery
653 ## - Түлхүүр үг
Түлхүүр үг themes
653 ## - Түлхүүр үг
Түлхүүр үг motives
740 ## - НОМЫН ГАРЧИГ
Гарчиг Discovering the Catawba
740 ## - НОМЫН ГАРЧИГ
Гарчиг A family economy based on pottery
740 ## - НОМЫН ГАРЧИГ
Гарчиг Peddling pottery
740 ## - НОМЫН ГАРЧИГ
Гарчиг The Indian circuit
740 ## - НОМЫН ГАРЧИГ
Гарчиг Teaching the craft
740 ## - НОМЫН ГАРЧИГ
Гарчиг Professionalism and the Catawba potters
740 ## - НОМЫН ГАРЧИГ
Гарчиг A native resource, clay
740 ## - НОМЫН ГАРЧИГ
Гарчиг Tools: ancient and modern adaptations
740 ## - НОМЫН ГАРЧИГ
Гарчиг Building pots: woodland and Mississippian methods
740 ## - НОМЫН ГАРЧИГ
Гарчиг Design motifs
740 ## - НОМЫН ГАРЧИГ
Гарчиг The pipe industry
740 ## - НОМЫН ГАРЧИГ
Гарчиг Burning the pottery
942 ## - ЭЛЕМЕНТИЙН ТӨРӨЛ
Зүйлийн төрөл Ном